| 000 | 00890nmm a2200313 a 4500 | ||
|---|---|---|---|
| 003 | AR-BaBNM | ||
| 005 | 20251128205806.0 | ||
| 008 | 178019s1997 ||||||||||||||000 | spa|| | ||
| 020 | _a950-29-0359-5 | ||
| 040 | _cAR-BaBNM | ||
| 100 | 1 | _aChomsky, Noam | |
| 245 | 1 | 0 |
_aLa sociedad global _beducación, mercado y democracia |
| 250 | _a2ª ed. | ||
| 260 |
_aBuenos Aires _bOficina de Publicaciones del CBC _c1997 |
||
| 300 | 0 |
_a183 p. _bgráfs., tablas |
|
| 504 | _aCuenta con bibliografía a pie de página para consultar | ||
| 650 | 4 | _aSOCIOLOGIA POLITICA | |
| 650 | 4 | _aIDEOLOGIAS | |
| 650 | 4 | _aESTUDIOS CULTURALES | |
| 650 | 4 | _aEDUCACION | |
| 650 | 4 | _aIDEOLOGIAS | |
| 650 | 4 | _aDOCTRINAS POLITICAS | |
| 653 | 0 | _aGLOBALIZACION | |
| 653 | 0 | _aCRITICA SOCIAL | |
| 700 | 1 | _aDieterich, Heinz | |
| 700 | 1 |
_aBorón, Atilio A. _eprologuista |
|
| 942 | _cBK | ||
| 998 | _cMariana | ||
| 999 |
_c12821 _d12821 |
||